| 000 | 00553cam a22001814a 4500 | ||
|---|---|---|---|
| 005 | 20250605164401.0 | ||
| 008 | 250528s ||||||||||||||||||||||||d | ||
| 035 | _a24606 | ||
| 040 |
_aGR-AtMCL _bgre _dGR-AtMCL _eAACR2 |
||
| 245 | 1 | _aAramco World | |
| 260 |
_bAramco Americas, _c2021 |
||
| 300 | _a40 | ||
| 520 | _aThe Liverpool Effect, Preserving Arabia's Bedouin Poetry, Could Phoenicians Have Crossed the Atlantic, The Sculpture of Skateparks, Nutmeg/ | ||
| 700 | 1 |
_aDoughty Richard _99493 |
|
| 942 | _cCR | ||
| 999 |
_c9475 _d9475 |
||